000 00521nam a22001697a 4500
008 150311b xxu||||| |||| 00| 0 eng d
020 _a0335003257
050 _aPE1128.M711
100 _aHoffman, Mary
_916180
245 _aThe language curriculum
_cMary Hoffman
260 _aBritain
_bThe Open University Press
_c1979
300 _a121p. ;
_c30cm.
440 _aPE 232
_nBlock 6
_916593
650 _aEnglish language
_xtextbooks for foreign students
_916172
700 _aMike Torbe
_916181
942 _2lcc
_cMONOGRAPH
999 _c122394
_d122394